| 000 | 00344nam a22001337a 4500 | ||
|---|---|---|---|
| 999 |
_c11213 _d11213 |
||
| 003 | OSt | ||
| 008 | 220511b ||||| |||| 00| 0 eng d | ||
| 020 | _a81-89535-02-1 | ||
| 100 | _aYOGANANDA,Sri Sri Paramahansa | ||
| 245 | _aMan Eternal Quest | ||
| 260 |
_aNew Delhi _bYogoda Satsanga Society of India _c2018 |
||
| 300 | _a494 | ||
| 942 |
_2ddc _cBK |
||